header

Gooseberry (Record no. 133492)

MARC details
000 -LEADER
fixed length control field 01217nam a2200325Ia 4500
082 04 - DEWEY DECIMAL CLASSIFICATION NUMBER
Classification number 917.76/76
100 1# - MAIN ENTRY--AUTHOR NAME
Personal name Blacklock, Nadine.
245 10 - TITLE STATEMENT
Title Gooseberry
260 ## - PUBLICATION, DISTRIBUTION, ETC. (IMPRINT)
Place of publication Duluth, Minn. :
Name of publisher Pfeifer-Hamilton,
Year of publication c1994.
300 ## - PHYSICAL DESCRIPTION
Number of Pages 77 p. :
Other physical details col. ill., 1 col. map.
650 #0 - SUBJECT ADDED ENTRY--TOPICAL TERM
Topical Term Nature photography.
700 1# - ADDED ENTRY--PERSONAL NAME
Personal name Blacklock, Craig.
856 40 - ELECTRONIC LOCATION AND ACCESS
Uniform Resource Identifier http://site.ebrary.com/lib/rucke/Doc?id=10159632

No items available.

© 2026 Rongo University
Contact us: librarian | system librarian | Rongo university